[Event "Netanya op"]
[Site "Netanya"]
[Date "2019.06.25"]
[Round "3"]
[White "Zaromb, Charles Irving"]
[Black "Cohen Revivo, Alon"]
[Result "0-1"]
[WhiteElo "1738"]
[BlackElo "2036"]
[PlyCount "58"]
[EventDate "2019.06.23"]
[EventType "swiss"]
[EventRounds "9"]
[EventCountry "ISR"]
[SourceTitle "CBM 191 Extra"]
[Source "ChessBase"]
[SourceDate "2019.09.30"]
[SourceVersion "1"]
[SourceVersionDate "2019.09.30"]
[SourceQuality "1"]

1. e4 e6 2. d4 d5 3. Nc3 Nc6 4. Nf3 Nf6 5. exd5 exd5 6. Bd3 Be7 7. h3 Nb4 8. Bf4 c6 9. a3 Nxd3+ 10. Qxd3 0-0 11. 0-0 Be6 12. Rfe1 Nh5 13. Bh2 Bd6 14. Bxd6 Qxd6 15. Ng5 g6 16. Nxe6 fxe6 17. Re5 Rf6 18. Rae1 Raf8 19. Nd1 Nf4 20. Qe3 Rf5 21. Qg3 Rxe5 22. dxe5 Qc5 23. Ne3 Qd4 24. Qg5 Qd2 25. Rf1 d4 26. Rd1 Nxh3+ 27. gxh3 Qxf2+ 28. Kh1 dxe3 29. Rd8 e2 0-1